| 000 | 01050cam a2200301 a 4500 | ||
|---|---|---|---|
| 001 | 1216575 | ||
| 005 | 20170105102936.0 | ||
| 008 | 990415s1999 pk a b 001 0 eng d | ||
| 010 |
_a 99210405 _z 99921517 |
||
| 020 | _a9780195790146 | ||
| 035 | _a(DLC) 99210405 | ||
| 035 | _a(OCoLC)41172724 | ||
| 040 |
_aOYU _cOYU _dDLC |
||
| 042 | _alccopycat | ||
| 043 | _aa-pk--- | ||
| 050 | 0 | 0 |
_aHC440.5 _b.H747 1999 |
| 082 | 0 | 0 |
_a330.95491 _221 |
| 100 | 1 |
_aHusain, Ishrat, _d1941- |
|
| 245 | 1 | 0 |
_aPakistan : _bthe economy of an elitist state / _cIshrat Husain. |
| 260 |
_aKarachi ; _aNew York : _bOxford University Press, _c1999. |
||
| 300 |
_axvi, 451 p. : _bill., tables ; _c23 cm. |
||
| 504 | _aIncludes bibliographical references (p. [429]-444) and index. | ||
| 650 |
_aPakistan _xEconomic conditions. |
||
| 856 | 4 | 2 |
_3Publisher description _uhttp://www.loc.gov/catdir/enhancements/fy0605/99210405-d.html |
| 906 |
_a7 _bcbc _ccopycat _du _encip _f19 _gy-gencatlg |
||
| 942 |
_2ddc _cBK |
||
| 999 |
_c16254 _d16254 |
||